FC 24 Ultimate Birthday - Statistics

General Stats
  • This quiz has been taken 18 times
    15 since last reset
  • The average score is 36 of 99
Answer Stats
rat pos club plaeyr % Correct
Ultimate Birthday 94 CF Inter Miami Lionel Messi
100%
Ultimate Birthday 94 ST Liverpool Mohamed Salah
100%
Ultimate Birthday 93 CF Al-Ittihad Karim Benzema
90%
Ultimate Birthday 93 CM Manchester City Kevin De Bruyne
80%
Ultimate Birthday 92 RW Arsenal Bukayo Saka
70%
Ultimate Birthday 92 CAM Manchester City Phil Foden
70%
Ultimate Birthday 93 LM Al-Nassr Sadio Mané
70%
Ultimate Birthday 90 CF Liverpool Diogo Jota
60%
Ultimate Birthday 93 CM FC Barcelona Frenkie de Jong
60%
Ultimate Birthday 91 CAM Borussia Dortmund Marco Reus
60%
Ultimate Birthday 90 CM Inter Milan Nicolò Barella
60%
Ultimate Birthday Icon 97 CAM Brazil Pelé
60%
Ultimate Birthday 90 CB Manchester United Raphaël Varane
60%
Ultimate Birthday 91 RB Chelsea Reece James
60%
Ultimate Birthday 90 RW Real Madrid Rodrygo
60%
Ultimate Birthday 91 ST Tottenham Hotspur Son Heung-Min
60%
Ultimate Birthday 93 ST San Diego Waves Alex Morgan
50%
Ultimate Birthday 91 CDM Real Madrid Aurélien Tchouaméni
50%
Ultimate Birthday Icon 93 RB Brazil Carlos Alberto
50%
Ultimate Birthday 91 CDM Manchester United Casemiro
50%
Ultimate Birthday 89 LW AC Milan Christian Pulisic
50%
Ultimate Birthday 90 CB Real Madrid Éder Militão
50%
Ultimate Birthday Icon 92 GK Netherlands Edwin van der Sar
50%
Ultimate Birthday Icon 90 ST Sweden Henrik Larsson
50%
Ultimate Birthday Icon 94 ST Bulgaria Hristo Stoichkov
50%
Ultimate Birthday 91 LM Bayern Munich Kingsley Coman
50%
Ultimate Birthday 92 CM Bayern Munich Leon Goretzka
50%
Ultimate Birthday 91 LW Chelsea Mykhailo Mudryk
50%
Ultimate Birthday 90 ST Paris Saint-Germain Randal Kolo Muani
50%
Ultimate Birthday Icon 93 CF Spain Raúl
50%
Ultimate Birthday 91 CB FC Barcelona Ronald Araújo
50%
Ultimate Birthday Icon 90 CM Ireland Roy Keane
50%
Ultimate Birthday Icon 94 CF Netherlands Ruud Gullit
50%
Ultimate Birthday Icon 94 ST France Thierry Henry
50%
Ultimate Birthday Icon 92 CB Italy Alessandro Nesta
40%
Ultimate Birthday 89 LWB Bayer Leverkusen Álex Grimaldo
40%
Ultimate Birthday Icon 94 CM Italy Andrea Pirlo
40%
Ultimate Birthday Icon 91 CM Germany Bastian Schweinsteiger
40%
Ultimate Birthday Icon 94 CM France Camille Abily
40%
Ultimate Birthday Icon 93 CAM Netherlands Dennis Bergkamp
40%
Ultimate Birthday Icon 91 CAM Romania Gheorghe Hagi
40%
Ultimate Birthday Icon 91 RB Italy Gialunca Zambrotta
40%
Ultimate Birthday Icon 92 ST Mexico Hugo Sánchez
40%
Ultimate Birthday Icon 92 RB Argentina Javier Zanetti
40%
Ultimate Birthday 90 ST Lille OSC Jonathan David
40%
Ultimate Birthday 89 LB Inter Miami Jordi Alba
40%
Ultimate Birthday Icon 91 CB France Laurent Blanc
40%
Ultimate Birthday 90 ST RB Leipzig Loïs Openda
40%
Ultimate Birthday Icon 91 ST Germany Miraslav Klose
40%
Ultimate Birthday Icon 90 LM France Robert Pirès
40%
Ultimate Birthday 89 CM Al Hilal Sergej Milinković-Savić
40%
Ultimate Birthday 90 LM Arsenal Women Beth Mead
30%
Ultimate Birthday Icon 91 CDM France Claude Makélélé
30%
Ultimate Birthday Icon 92 ST Spain Emilio Butragueño
30%
Ultimate Birthday 90 ST VfL Wolfsburg Women Ewa Pajor
30%
Ultimate Birthday 90 CM PSG Féminine Grace Geyoro
30%
Ultimate Birthday 87 CDM Fulham João Palhinha
30%
Ultimate Birthday 89 RB Inter Milan Juan Cuadrado
30%
Ultimate Birthday 90 LW Toronto FC Lorenzo Insigne
30%
Ultimate Birthday 90 CB FC Barcelona Femení Mapi León
30%
Ultimate Birthday Icon 92 ST Netherlands Ruud van Nistelrooy
30%
Ultimate Birthday 90 LB PSG Féminine Sakina Karchaoui
30%
Ultimate Birthday Icon 92 CAM Brazil Sócrates
30%
Ultimate Birthday 91 ST OL Féminin Ada Hegerberg
20%
Ultimate Birthday 89 ST Villarreal Alexander Sørloth
20%
Ultimate Birthday 89 ST Everton Arnaut Danjuma
20%
Ultimate Birthday 88 RM Sevilla Dodi Lukébakio
20%
Ultimate Birthday 88 ST Brighton Evan Ferguson
20%
Ultimate Birthday 87 CB Lecce Federico Baschirotto
20%
Ultimate Birthday 87 LW Lazio Felipe Anderson
20%
Ultimate Birthday 88 CF Napoli Giacomo Raspadori
20%
Ultimate Birthday 89 RB Real Betis Héctor Bellerín
20%
Ultimate Birthday Icon 92 ST England Ian Wright
20%
Ultimate Birthday 89 CB Arsenal Women Leah Williamson
20%
Ultimate Birthday 89 CB Paris Saint-Germain Presnel Kimpembe
20%
Ultimate Birthday 87 RWB RC Lens Przemysław Frankowski
20%
Ultimate Birthday 89 RM Al-Ahli Riyad Mahrez
20%
Ultimate Birthday 90 CAM NJ/NY Gotham Rose Lavelle
20%
Ultimate Birthday 88 CAM Montpellier Téji Savanier
20%
Ultimate Birthday 88 RB Lyon Ainsley Maitland-Niles
10%
Ultimate Birthday 88 ST Real Sociedad Femenino Amaiur Sarriegi
10%
Ultimate Birthday 88 LM Marseille Amine Harit
10%
Ultimate Birthday 87 CM Hoffenheim Anton Stach
10%
Ultimate Birthday 89 CF Luton Town Chiedozie Ogbene
10%
Ultimate Birthday 88 ST Mallorca Cyle Larin
10%
Ultimate Birthday 88 CM NC Courage Denise O'Sullivan
10%
Ultimate Birthday 87 CAM New York Red Bulls Emil Forsberg
10%
Ultimate Birthday 87 CAM 1. FC Köln Florian Kainz
10%
Ultimate Birthday 89 CAM Manchester City Women Jill Roord
10%
Ultimate Birthday 89 CDM Burnley Josh Cullen
10%
Ultimate Birthday 90 LW Chicago Red Stars Mallory Swanson
10%
Ultimate Birthday 88 CB LA Galaxy Maya Yoshida
10%
Ultimate Birthday 88 CB Brentford Nathan Collins
10%
Ultimate Birthday 88 ST Rayo Vallecano Radamel Falcao
10%
Ultimate Birthday 88 LWB Union Berlin Robin Gosens
10%
Ultimate Birthday 88 RB Bayern Munich Sacha Boey
10%
Ultimate Birthday 88 RW Inter Milan Tajon Buchanan
10%
Ultimate Birthday 88 CM AC Milan Tijjani Reijnders
10%
Ultimate Birthday 89 CM Juventus Weston McKennie
10%
No matching quizzes found
Score Distribution
Percent of People with Each Score
Percentile by Number Answered
Your Score History
You have not taken this quiz since the last reset